Ciencia-ficción inglesa (Record no. 44261)
[ view plain ]
| 000 -LEADER | |
|---|---|
| campo de control de longitud fija | 01806nam a2200301 i 4500 |
| 001 - NÚMERO DE CONTROL | |
| campo de control | 44261 |
| 003 - IDENTIFICADOR DE NÚMERO DE CONTROL | |
| campo de control | ES-MaACL |
| 005 - FECHA Y HORA DE LA ÚLTIMA TRANSACCIÓN | |
| campo de control | 20230906161005.0 |
| 007 - CAMPO FIJO DE DESCRIPCIÓN FÍSICA--INFORMACIÓN GENERAL | |
| campo de control de longitud fija | t| |
| 008 - DATOS DE LONGITUD FIJA--INFORMACIÓN GENERAL | |
| campo de control de longitud fija | 030321s1968 sp ||||1| spa d |
| 245 00 - MENCIÓN DEL TÍTULO | |
| Título | Ciencia-ficción inglesa |
| Resto del título | : (obras escogidas) / |
| Mención de responsabilidad, etc. | prólogo de Salvador Bordoy Luque. |
| 260 ## - PUBLICACIÓN, DISTRIBUCIÓN, ETC. | |
| Lugar de publicación, distribución, etc. | [Madrid] : |
| Nombre del editor, distribuidor, etc. | Aguilar, |
| Fecha de publicación, distribución, etc. | 1968. |
| 300 ## - DESCRIPCIÓN FÍSICA | |
| Extensión | 3 v. ; |
| Dimensiones | 17 cm. |
| 505 8# - NOTA DE CONTENIDO CON FORMATO | |
| Nota de contenido con formato | Contiene: V.I.: Galaxias como granos de arena /Brian Aldiss. En el lento morir de la tierra / Brian Aldiss. Viaje sin término / Brian Aldiss ; traducción Manuel de la Escale. El vigésimo séptimo día / John Mantley. Los liberados / Dan Morgan ; traducción de Mª del Carmen Vázquez. -- V. II.: Las voces del tiempo / J. G. Ballard ; traducción por José Calvo Moreno. El mundo sumergido / J. G. Ballard ; traducción por Manuel G. Volpini. Billenium / J. G. Ballard ; traducción por Enrique Agut. Arthur Selling : telepatia / J. G. Ballard ; traducción por Enrique Agut. Hoy es el futuro / F. G. Rayer ; traducción por Alberto Levenfeld. -- V. III.: Acceso al mañana. Acceso a las estrellas. Acceso a otros mundos. Acceso al futuro. No hay lugar como la tierra / E.J. Carnell, seleccionador ; traducción del inglés por Alberto Levenfeld y José Calvo Moreno. |
| 700 1# - ENTRADA AGREGADA--NOMBRE PERSONAL | |
| Nombre de persona | Bordoy Luque, Salvador. |
| 9 (RLIN) | 30424 |
| 700 1# - ENTRADA AGREGADA--NOMBRE PERSONAL | |
| Nombre de persona | Aldiss, Brian W. |
| 9 (RLIN) | 19645 |
| 700 1# - ENTRADA AGREGADA--NOMBRE PERSONAL | |
| Nombre de persona | Escale, Manuel de la. |
| 9 (RLIN) | 47478 |
| 700 1# - ENTRADA AGREGADA--NOMBRE PERSONAL | |
| Nombre de persona | Mantley, John. |
| 9 (RLIN) | 76169 |
| 700 1# - ENTRADA AGREGADA--NOMBRE PERSONAL | |
| Nombre de persona | Morgan, Dan. |
| 9 (RLIN) | 83512 |
| 700 1# - ENTRADA AGREGADA--NOMBRE PERSONAL | |
| Nombre de persona | Vázquez, María del Carmen. |
| 9 (RLIN) | 113378 |
| 700 1# - ENTRADA AGREGADA--NOMBRE PERSONAL | |
| Nombre de persona | Ballard, J.G. |
| 9 (RLIN) | 24971 |
| 700 1# - ENTRADA AGREGADA--NOMBRE PERSONAL | |
| Nombre de persona | Calvo Moreno, José. |
| 9 (RLIN) | 33899 |
| 700 1# - ENTRADA AGREGADA--NOMBRE PERSONAL | |
| Nombre de persona | Volpini, Manuel G. |
| 9 (RLIN) | 115718 |
| 700 1# - ENTRADA AGREGADA--NOMBRE PERSONAL | |
| Nombre de persona | Agut, Enrique. |
| 9 (RLIN) | 18924 |
| 700 1# - ENTRADA AGREGADA--NOMBRE PERSONAL | |
| Nombre de persona | Rayer, F. G. |
| 9 (RLIN) | 95625 |
| 700 1# - ENTRADA AGREGADA--NOMBRE PERSONAL | |
| Nombre de persona | Levenfeld, Alberto. |
| 9 (RLIN) | 71928 |
| 852 ## - LOCALIZACIÓN | |
| Ubicación | ES-MaACL |
| Número de control de estantería | P-1334-bis |
| Sublocalización o colección | R.66687 |
| Estatus retirado | Estado de pérdida | Estado de daño | No para préstamo | Biblioteca de origen | Biblioteca actual | Ubicación en estantería | Fecha de adquisición | Fuente de adquisición | Total de préstamos | Signatura topográfica completa | Código de barras | Visto por última vez | Precio de reemplazo | Tipo de ítem Koha |
|---|---|---|---|---|---|---|---|---|---|---|---|---|---|---|
| Biblioteca del Ateneo de Madrid | Biblioteca del Ateneo de Madrid | Depósito 2 | 17/01/2008 | P-1334-bis | 1046581 | 23/02/2023 | 23/02/2023 | Libro impreso |
